Najludniejsze miasta Polski BEZ polskich znaków - Statystyki

Ogólne statystyki
  • Ten quiz został rozwiązany 843 razy
    815 od ostatniego zresetowania
  • Średni wynik to 11 z 14
Statystyki odpowiedzi
Miasto Populacja % Poprawnych
Warszawa 1790658
99%
Szczecin 401907
93%
Katowice 292774
91%
Gdynia 246348
90%
Lublin 339784
90%
Bydgoszcz 348190
89%
Olsztyn 171979
80%
Kielce 194852
78%
Radom 211371
78%
Gliwice 178603
71%
Sosnowiec 199974
69%
Zabrze 172360
67%
Bytom 165263
54%
Rybnik 138098
44%
Nie znaleziono quizów pasujących do podanych kryteriów
Rozkład punktacji
Procent ludzi z każdym wynikiem
Percentyl według liczby udzielonych odpowiedzi
Twoja historia wyników
Nie rozwiązałeś tego quizu od ostatniego zresetowania